[Event "Open Semana Santa 2023"]
[Site "?"]
[Date "2023.04.05"]
[Round "1.31"]
[White "IM Garcia Ramos, Daniel"]
[Black "Perez Epinin, Gines"]
[Result "1-0"]
[WhiteElo "2442"]
[BlackElo "1861"]
[PlyCount "87"]

1. e4 c5 2. Nf3 d6 3. d4 cxd4 4. Nxd4 Nf6 5. f3 e5 6. Nb3 Be6 7. c4 Be7 8. Nc3
O-O 9. Be3 Nh5 10. Qd2 Bh4+ 11. g3 Be7 12. Be2 Nd7 13. O-O Nb6 14. Na5 Qd7 15.
Rac1 Nf6 16. Rfd1 Rfd8 17. Qe1 Na4 18. Nxa4 Qxa4 19. b3 Qd7 20. c5 d5 21. c6
bxc6 22. Nxc6 Rdc8 23. Nxe5 Qb7 24. Qa5 Rxc1 25. Rxc1 dxe4 26. Nc6 Bd5 27.
Nxe7+ Qxe7 28. f4 h6 29. Rc7 Qd8 30. Qc5 a5 31. Bd4 Be6 32. Rc6 Qd5 33. Bxf6
Qxc5+ 34. Rxc5 gxf6 35. f5 Bd7 36. Kf2 a4 37. b4 a3 38. g4 h5 39. Rc7 Be8 40.
gxh5 Rb8 41. Ke3 Rxb4 42. Rc8 Kf8 43. h6 Rb2 44. Rxe8+ 1-0

[Event "Open Semana Santa 2023"]
[Site "?"]
[Date "2023.04.05"]
[Round "1.32"]
[White "Mascarell Canet, Ricardo"]
[Black "IM Gomez Ledo, Roberto Carlos"]
[Result "0-1"]
[WhiteElo "1858"]
[BlackElo "2437"]
[PlyCount "88"]

1. Nf3 Nf6 2. g3 d5 3. Bg2 Bf5 4. O-O e6 5. d3 Be7 6. Nbd2 O-O 7. c3 h6 8. Qb3
Nbd7 9. Re1 c6 10. Nf1 Nc5 11. Qc2 a5 12. Bf4 Bh7 13. Rad1 Re8 14. Qc1 Bf8 15.
Ne5 Nfd7 16. d4 Nxe5 17. dxe5 Qc7 18. h4 Nd7 19. e4 Nc5 20. exd5 cxd5 21. Qe3
Qb6 22. Qe2 Qa6 23. Qg4 Nd3 24. Re2 Rac8 25. Ne3 Nxf4 26. gxf4 b5 27. a3 b4 28.
axb4 axb4 29. cxb4 Rb8 30. Red2 Rxb4 31. Qg3 Qa4 32. Bxd5 exd5 33. Nxd5 Rb3 34.
Qg4 Kh8 35. Nc7 Reb8 36. Rd7 Bg8 37. R1d2 Rxb2 38. Rxb2 Qa1+ 39. Kg2 Qxb2 40.
e6 Bc5 41. Qg3 Rb3 42. Qxb3 Qxb3 43. e7 Bxe7 44. Rxe7 Qb4 0-1

[Event "Open Semana Santa 2023"]
[Site "?"]
[Date "2023.04.05"]
[Round "1.34"]
[White "Rodriguez Garcia, Miguel"]
[Black "IM Espinosa Aranda, Angel"]
[Result "0-1"]
[WhiteElo "1857"]
[BlackElo "2429"]
[PlyCount "60"]

1. d4 Nf6 2. Nf3 d5 3. c4 dxc4 4. Nc3 a6 5. a4 Nc6 6. e4 Bg4 7. d5 Ne5 8. Bf4
Ng6 9. Bg3 e5 10. Bxc4 Bd6 11. h3 Bd7 12. O-O O-O 13. Rc1 Qe7 14. Ne1 Nf4 15.
Nd3 N6h5 16. Bxf4 Nxf4 17. Nxf4 exf4 18. f3 Be5 19. Kh1 Rad8 20. Ne2 Bc8 21.
Qc2 Rd6 22. b4 Rh6 23. b5 Qg5 24. Rf2 Qh4 25. Kg1 Bxh3 26. gxh3 Qxh3 27. Rg2
Qxf3 28. Rf1 Qe3+ 29. Rgf2 Rg6+ 30. Kh1 Qh3+ 0-1

[Event "Open Semana Santa 2023"]
[Site "?"]
[Date "2023.04.05"]
[Round "1.35"]
[White "IM Martinez Ramirez, Lennis"]
[Black "Padilla Lozano, Francisco Manuel"]
[Result "1-0"]
[WhiteElo "2428"]
[BlackElo "1855"]
[PlyCount "81"]
[EventDate "2023.??.??"]

1. c4 e5 2. Nc3 d6 3. g3 f5 4. d4 Be7 5. Bh3 Nf6 6. Nf3 e4 7. Nh4 g6 8. f3 Nh5
9. Ng2 exf3 10. exf3 Nc6 11. Nd5 Nf6 12. O-O O-O 13. Re1 Nxd5 14. cxd5 Nb8 15.
Nf4 Bd7 16. Qb3 b6 17. Bf1 a6 18. Be3 Bg5 19. Ne6 Bxe6 20. dxe6 Bxe3+ 21. Rxe3
Qe7 22. Rc1 Ra7 23. f4 Re8 24. d5 h6 25. Rec3 Qg7 26. Qd1 Re7 27. R1c2 Kh7 28.
g4 fxg4 29. Rg2 h5 30. h3 c5 31. hxg4 Qd4+ 32. Qxd4 cxd4 33. Rc8 Rab7 34. gxh5
Rec7 35. Rd8 Rc1 36. hxg6+ Kg7 37. Rxd6 Re1 38. f5 Rc7 39. Re2 Rxe2 40. Bxe2
Rb7 41. e7 1-0

[Event "Open Semana Santa 2023"]
[Site "?"]
[Date "2023.04.05"]
[Round "1.36"]
[White "Perez Garcia, Jimena"]
[Black "IM Alonso Garcia, Aaron"]
[Result "0-1"]
[WhiteElo "1852"]
[BlackElo "2426"]
[PlyCount "52"]

1. d4 Nf6 2. c4 e6 3. Nc3 Bb4 4. Nf3 b6 5. Qb3 c5 6. dxc5 bxc5 7. Bf4 d5 8.
cxd5 Nxd5 9. Bd2 O-O 10. Rd1 Bxc3 11. Bxc3 Qb6 12. Qc2 Nc6 13. Ng5 f5 14. a3 h6
15. Nf3 Ba6 16. Ne5 Rad8 17. Nxc6 Qxc6 18. Be5 Nb6 19. Rc1 Nc4 20. Bc3 Rf7 21.
e3 f4 22. e4 Rfd7 23. Bxc4 Bxc4 24. f3 Qb6 25. Be5 Bb3 26. Qe2 c4 0-1

[Event "Open Semana Santa 2023"]
[Site "?"]
[Date "2023.04.05"]
[Round "1.37"]
[White "Chen, Peng"]
[Black "Manzanares Lopez, Alejandro"]
[Result "1-0"]
[WhiteElo "2425"]
[BlackElo "1845"]
[PlyCount "111"]

1. e4 e6 2. d4 d5 3. Nd2 dxe4 4. Nxe4 Qd5 5. Nc3 Bb4 6. Nge2 c5 7. a3 Bxc3+ 8.
Nxc3 Qxd4 9. Qxd4 cxd4 10. Nb5 Na6 11. Nxd4 Nc7 12. Bf4 Nd5 13. Bg3 Ngf6 14. c4
Nb6 15. Nb5 O-O 16. Nc7 Rb8 17. c5 Na4 18. Bd6 Bd7 19. b3 Nc3 20. Rc1 Nce4 21.
Bxf8 Kxf8 22. b4 a6 23. f3 Rc8 24. Nxe6+ Bxe6 25. fxe4 Nxe4 26. Bc4 Bxc4 27.
Rxc4 Re8 28. O-O Nd2 29. Rd4 Nxf1 30. Kxf1 Re3 31. Rd8+ Ke7 32. Rb8 Rxa3 33.
Rxb7+ Ke6 34. Ke2 h5 35. Kd2 Kd5 36. Rxf7 Ra2+ 37. Kc3 Rxg2 38. Rd7+ Kc6 39.
Ra7 Ra2 40. Kb3 Ra1 41. Rxg7 Rb1+ 42. Kc4 Rc1+ 43. Kd4 Rb1 44. Rg6+ Kc7 45. Rb6
Rb2 46. Kc3 Ra2 47. Rh6 Rxh2 48. Rxa6 h4 49. Rh6 h3 50. Kc4 Rc2+ 51. Kb5 h2 52.
Rh7+ Kb8 53. Kb6 Kc8 54. c6 Kd8 55. b5 Ke8 56. c7 1-0

[Event "Open Semana Santa 2023"]
[Site "?"]
[Date "2023.04.05"]
[Round "1.38"]
[White "Urios Hernandez, Ramon"]
[Black "GM Hovhannisyan, Mher"]
[Result "0-1"]
[WhiteElo "1844"]
[BlackElo "2418"]
[PlyCount "72"]

1. d4 e6 2. Bf4 c5 3. e3 Nf6 4. Nf3 Nc6 5. Nbd2 cxd4 6. exd4 b6 7. c3 Be7 8.
Bd3 Bb7 9. O-O O-O 10. Qe2 d6 11. h3 Re8 12. Rfe1 Bf8 13. Bg5 Be7 14. Rad1 Rc8
15. Bb5 Rf8 16. Bd3 Rc7 17. Bb1 Nb8 18. Qd3 Nbd7 19. Re3 Re8 20. Rde1 Nf8 21.
c4 d5 22. b3 Nh5 23. Bxe7 Qxe7 24. g3 Rd8 25. Ne5 Qd6 26. Ndf3 Nf6 27. Rd1 Ne4
28. Qe2 f6 29. Nd3 Nc3 30. Qe1 Nxd1 31. Qxd1 dxc4 32. bxc4 Rxc4 33. Nb2 Bxf3
34. Rxf3 Rxd4 35. Qb3 Qd5 36. Qe3 Rd1+ 0-1

[Event "Open Semana Santa 2023"]
[Site "?"]
[Date "2023.04.05"]
[Round "1.39"]
[White "IM Poormosavi, Seyed Kian"]
[Black "Stromhaug, Kristoffer Wang"]
[Result "1-0"]
[WhiteElo "2418"]
[BlackElo "1842"]
[PlyCount "87"]
[EventDate "2023.??.??"]

1. Nf3 d5 2. g3 Nf6 3. Bg2 c5 4. O-O Nc6 5. d4 cxd4 6. Nxd4 e5 7. Nxc6 bxc6 8.
c4 Be7 9. Nc3 Be6 10. Bg5 e4 11. cxd5 cxd5 12. Qa4+ Nd7 13. Bxe7 Qxe7 14. Rfd1
O-O 15. Rac1 Nb6 16. Qd4 Rac8 17. Nb5 Rxc1 18. Rxc1 Rc8 19. Rxc8+ Nxc8 20. e3
Qb7 21. Bf1 a6 22. Na3 h6 23. b3 Ne7 24. Qc5 Nc6 25. Nc2 a5 26. Bb5 Ne5 27. Nd4
Nf3+ 28. Nxf3 exf3 29. a4 Qb8 30. Qc3 Qd8 31. Kf1 Qd6 32. Qxa5 Qa3 33. Qc3 Qa2
34. Bd3 Bf5 35. Kg1 Be4 36. h4 h5 37. Bxe4 dxe4 38. Qc8+ Kh7 39. Qf5+ Kg8 40.
Qxe4 Qa1+ 41. Kh2 Qd1 42. g4 hxg4 43. Qxg4 Qxb3 44. Kg3 1-0

[Event "Open Semana Santa 2023"]
[Site "?"]
[Date "2023.04.05"]
[Round "1.40"]
[White "Roig Roig, Marc"]
[Black "IM Minzer, Claudio Javier"]
[Result "0-1"]
[WhiteElo "1840"]
[BlackElo "2417"]
[PlyCount "50"]

1. e4 c5 2. Nf3 Nc6 3. d4 cxd4 4. Nxd4 g6 5. Nc3 Bg7 6. Be3 Nf6 7. Bc4 Qa5 8.
O-O O-O 9. Bb3 d6 10. h3 Bd7 11. Re1 Rac8 12. Nd5 Qd8 13. Nxf6+ Bxf6 14. Nxc6
bxc6 15. c3 c5 16. Bh6 Re8 17. f4 c4 18. e5 Bh4 19. Re4 Qb6+ 20. Kh2 cxb3 21.
f5 Qf2 22. e6 fxe6 23. fxe6 Bg3+ 24. Kh1 Bc6 25. Be3 Qc2 0-1

[Event "Open Semana Santa 2023"]
[Site "?"]
[Date "2023.04.14"]
[Round "1.41"]
[White "FM Trigo Urquijo, Sergio"]
[Black "Martinez Manzanares, Alejandro"]
[Result "1-0"]
[WhiteElo "2408"]
[BlackElo "1839"]
[PlyCount "78"]
[EventDate "2023.??.??"]

1. Nf3 Nf6 2. g3 g6 3. Bg2 Bg7 4. O-O O-O 5. d4 d5 6. c3 c6 7. a4 a5 8. Nbd2
Nbd7 9. Re1 e5 10. dxe5 Ng4 11. e4 Ngxe5 12. exd5 Nd3 13. Rf1 cxd5 14. Nb3 Nxc1
15. Rxc1 Nb6 16. Nbd4 Re8 17. Ne1 Bd7 18. Ra1 Bc6 19. Nd3 Qg5 20. Nf4 Rad8 21.
Qb3 Nc4 22. Rad1 h5 23. h4 Qe7 24. Nb5 Nb6 25. Na7 Bxa4 26. Qxb6 Rd6 27. Qc5 b6
28. Qa3 Bxd1 29. Rxd1 Be5 30. Re1 d4 31. cxd4 Qxa7 32. dxe5 Rd2 33. Qc3 Red8
34. e6 fxe6 35. Rxe6 Rd1+ 36. Kh2 R1d4 37. Rxg6+ Kh7 38. Qf3 R8d5 39. Nxd5 Kxg6
1-0

[Event "Open Semana Santa 2023"]
[Site "?"]
[Date "2023.04.05"]
[Round "1.42"]
[White "Martino Girones, Gonzalo"]
[Black "IM Lopez Mulet, Inigo"]
[Result "0-1"]
[WhiteElo "1827"]
[BlackElo "2403"]
[PlyCount "56"]

1. d4 Nf6 2. Nf3 b6 3. e3 Bb7 4. Bd3 e6 5. O-O d5 6. Nbd2 Bd6 7. Qe2 Ne4 8. Ne5
O-O 9. f3 Nc5 10. dxc5 Bxe5 11. cxb6 axb6 12. f4 Bd6 13. b3 Qf6 14. Rb1 Rxa2
15. Nf3 Na6 16. Ng5 g6 17. e4 Nb4 18. e5 Bc5+ 19. Be3 Bxe3+ 20. Qxe3 Qg7 21.
Rfc1 Nxd3 22. Qxd3 Rfa8 23. Qf1 Qf8 24. Kh1 h6 25. Nf3 Qb4 26. Ne1 c5 27. Nd3
Qd2 28. Qf2 Qxd3 0-1

[Event "Open Semana Santa 2023"]
[Site "?"]
[Date "2023.04.05"]
[Round "1.43"]
[White "IM Ladron De Guevara Pinto, Paolo"]
[Black "Prochaieva, Alina"]
[Result "1-0"]
[WhiteElo "2403"]
[BlackElo "1820"]
[Annotator "Usuario"]
[PlyCount "85"]
[EventDate "2023.??.??"]

1. e4 c5 2. Nf3 e6 3. d4 cxd4 4. Nxd4 a6 5. c4 Bb4+ 6. Nc3 Ne7 7. Be2 O-O 8.
O-O d5 9. cxd5 exd5 10. Nxd5 Nxd5 11. exd5 Qxd5 12. Be3 Qe5 13. Qb3 Bd6 14. g3
Qf6 15. Rac1 Nd7 16. Rfd1 Ne5 17. f3 Rd8 18. a4 Bd7 19. Bf2 Rab8 20. Rd2 Nc6
$11 21. Rcd1 Be8 22. Nxc6 Bxc6 23. Bb6 Rd7 24. Bc4 Rf8 25. Kg2 h6 26. Rd4 Qg6
27. Bd3 Qf6 28. Be4 Rc8 29. Qd3 Bxe4 30. Qxe4 Kh8 31. R1d2 Bb4 32. Rxd7 Bxd2
33. Bd4 Qg5 34. Rxf7 Rg8 35. Rxb7 a5 36. f4 Qg4 37. h3 Qd1 38. Bxg7+ Rxg7 39.
Rb8+ Rg8 40. Qe5+ Kh7 41. Qf5+ Kg7 42. Rb7+ Kh8 43. Qh7# 1-0

[Event "Open Semana Santa 2023"]
[Site "?"]
[Date "2023.04.05"]
[Round "1.44"]
[White "Santamaria Baeza, Adolfo"]
[Black "IM Veiga, Jose Francisco R P N"]
[Result "0-1"]
[WhiteElo "1815"]
[BlackElo "2403"]
[PlyCount "30"]

1. e4 e5 2. Nf3 Nc6 3. Bc4 Bc5 4. d3 Nf6 5. c3 d6 6. a4 a6 7. h3 h6 8. O-O Ba7
9. Be3 g5 10. d4 g4 11. dxe5 gxf3 12. exf6 Ne5 13. Ba2 Rg8 14. Bxa7 Rxg2+ 15.
Kh1 Qd7 0-1

[Event "Open Semana Santa 2023"]
[Site "?"]
[Date "2023.04.05"]
[Round "1.45"]
[White "FM Czopor, Maciej"]
[Black "Lopez Herrero, Israel"]
[Result "1-0"]
[WhiteElo "2403"]
[BlackElo "1814"]
[PlyCount "113"]

1. c4 Nf6 2. Nc3 g6 3. g3 Bg7 4. Bg2 O-O 5. d4 d6 6. e3 Nc6 7. Nge2 e5 8. O-O
Rb8 9. h3 a6 10. b3 Bd7 11. Bb2 b5 12. cxb5 axb5 13. Rc1 Ne8 14. Kh2 Nb4 15.
Qd2 c5 16. dxc5 dxc5 17. Rfd1 Nf6 18. a3 Na6 19. Nd5 Nxd5 20. Qxd5 Be6 21. Qc6
Qc8 22. Rd6 Rd8 23. Rcd1 Qxc6 24. Rxd8+ Qe8 25. Rxe8+ Rxe8 26. Rd6 Nb8 27. Nc1
c4 28. Rb6 Bd7 29. bxc4 bxc4 30. Bd5 Rc8 31. Na2 Nc6 32. Rb7 Be8 33. Bc3 Bf8
34. Nb4 Ne7 35. Bg2 Nf5 36. Nd5 Nd6 37. Rb6 Ba4 38. Bxe5 Nb5 39. Nf6+ Kh8 40.
Bb7 Rc5 41. Nd7+ Rxe5 42. Nxe5 c3 43. Bc6 c2 44. Nd3 Nc3 45. Bxa4 Nxa4 46. Rb8
Kg7 47. Rc8 Nc5 48. Nxc5 c1=Q 49. Ne6+ fxe6 50. Rxc1 Bxa3 51. Rc6 Kf6 52. Kg2
Bb4 53. f4 h6 54. Kf3 h5 55. e4 Be1 56. Rc7 e5 57. Rc6+ 1-0

[Event "Open Semana Santa 2023"]
[Site "?"]
[Date "2023.04.05"]
[Round "1.47"]
[White "IM Camacho Collados, Jose"]
[Black "Lacamara Pasamar, Miguel"]
[Result "1-0"]
[WhiteElo "2400"]
[BlackElo "1807"]
[PlyCount "100"]

1. Nf3 Nf6 2. g3 g6 3. b3 Bg7 4. Bb2 O-O 5. Bg2 d6 6. d4 Nbd7 7. O-O Re8 8. c4
c6 9. Nc3 Qc7 10. d5 cxd5 11. cxd5 Qa5 12. Nd4 Nc5 13. a3 Na6 14. b4 Qb6 15.
Na4 Qd8 16. Rc1 Bd7 17. b5 Nc7 18. Qb3 a6 19. Nb6 Rb8 20. Nxd7 Nxd7 21. a4 Nc5
22. Qc4 Na8 23. bxa6 Nb6 24. Qc2 Nxa6 25. a5 Nd7 26. Bc3 Nac5 27. h4 Ra8 28.
Rfd1 h5 29. Qb1 Ne5 30. Be1 Ra6 31. Nb3 Nxb3 32. Qxb3 b6 33. Qb5 Qa8 34. axb6
Rb8 35. Rb1 Qb7 36. Ba5 Rba8 37. Bc3 Nd7 38. Bxg7 Kxg7 39. Qc6 Rb8 40. Bh3 Nc5
41. Qxb7 Nxb7 42. Rd4 f5 43. e4 fxe4 44. Rxe4 Kf6 45. Rf4+ Kg7 46. Be6 Nd8 47.
b7 Ra7 48. Bc8 Ra5 49. Re1 e5 50. dxe6 Nxb7 1-0

[Event "Open Semana Santa 2023"]
[Site "?"]
[Date "2023.04.05"]
[Round "1.48"]
[White "Gomar Juan, Miguel"]
[Black "GM Cifuentes Parada, Roberto"]
[Result "0-1"]
[WhiteElo "1807"]
[BlackElo "2396"]
[PlyCount "106"]

1. d4 d5 2. c4 dxc4 3. e4 c5 4. d5 e6 5. Bxc4 Nf6 6. Nc3 exd5 7. exd5 a6 8.
Qe2+ Be7 9. a4 O-O 10. Nf3 Re8 11. O-O Bd6 12. Qd3 h6 13. a5 Bg4 14. b3 Nbd7
15. Bb2 Qc7 16. h3 Bxf3 17. Qxf3 Re7 18. Nd1 Bh2+ 19. Kh1 Be5 20. Bxe5 Nxe5 21.
Qf5 Ne8 22. Ne3 Nd6 23. Qc2 Rae8 24. Rfd1 Nd7 25. Nf5 Nxf5 26. Qxf5 Qd6 27. Qc2
Nf6 28. Qc3 Qf4 29. Kg1 Qxf2+ 30. Kxf2 Ne4+ 31. Kf1 Nxc3 32. Rd3 Ne4 33. d6 Rd7
34. Bd5 Nxd6 35. Bxb7 Rxb7 36. Rxd6 Re6 37. Rxe6 fxe6 38. Rd1 Rxb3 39. Rd6 Kf7
40. Rxa6 Ra3 41. Ra7+ Kf6 42. a6 Ke5 43. Rc7 Kd4 44. a7 g5 45. Ke2 e5 46. Rd7+
Ke4 47. Rc7 Ra2+ 48. Kd1 Kd4 49. Rd7+ Ke3 50. Rd5 e4 51. Rxc5 Rxa7 52. Rc3+ Kf2
53. Rc2+ Kg3 0-1

[Event "Open Semana Santa 2023"]
[Site "?"]
[Date "2023.04.05"]
[Round "1.49"]
[White "IM Cruz Lledo, Pablo"]
[Black "Lacomba Piqueras, Andres"]
[Result "1-0"]
[WhiteElo "2395"]
[BlackElo "1807"]
[PlyCount "71"]

1. d4 Nf6 2. Nf3 e6 3. e3 c5 4. dxc5 Bxc5 5. a3 O-O 6. b4 Be7 7. Bb2 Ne4 8.
Nbd2 Bf6 9. Bxf6 Nxf6 10. Bd3 h6 11. O-O Nc6 12. c4 b6 13. Ne4 Ne8 14. Qb3 Bb7
15. Rfd1 f5 16. Ng3 Qc7 17. Qb2 Nf6 18. Rac1 Ng4 19. c5 f4 20. Nh5 Nce5 21.
Nxe5 Qxe5 22. Qxe5 Nxe5 23. Nxf4 Ng4 24. Be2 Ne5 25. Nd3 Ng6 26. Nb2 Nh4 27.
Bf1 Rf7 28. Nc4 Rf6 29. Rd4 g5 30. Rxd7 Bd5 31. Ne5 bxc5 32. bxc5 Rc8 33. c6
Ng6 34. Nxg6 Rxg6 35. c7 Rf6 36. Ba6 1-0

[Event "Open Semana Santa 2023"]
[Site "?"]
[Date "2023.04.05"]
[Round "1.50"]
[White "Schafer, Guillermo"]
[Black "FM Macias Pino, Diego"]
[Result "0-1"]
[WhiteElo "1802"]
[BlackElo "2395"]
[PlyCount "28"]

1. d4 Nf6 2. Nf3 b6 3. e3 Bb7 4. Bd3 e6 5. O-O c5 6. c3 d5 7. Nbd2 Bd6 8. Re1
Nc6 9. e4 dxe4 10. Nxe4 cxd4 11. Nxd6+ Qxd6 12. Nxd4 Nxd4 13. cxd4 O-O 14. Bg5
Qd5 0-1

[Event "Open Semana Santa 2023"]
[Site "?"]
[Date "2023.04.05"]
[Round "1.51"]
[White "IM Tejedor Fuente, Enrique"]
[Black "Hernandez Gonzalez, Manuel"]
[Result "1-0"]
[WhiteElo "2390"]
[BlackElo "1800"]
[PlyCount "97"]

1. d4 Nf6 2. Nf3 g6 3. Bg5 Bg7 4. Nbd2 d5 5. c3 O-O 6. e3 Nbd7 7. Bd3 c5 8. O-O
b6 9. h3 Bb7 10. Bf4 Ne4 11. Qe2 a6 12. Rfd1 Qe8 13. a4 e5 14. Nxe5 Nxe5 15.
Bxe4 dxe4 16. dxe5 Bxe5 17. Bh6 Bg7 18. Bxg7 Kxg7 19. Nc4 b5 20. Nd6 Qe7 21.
axb5 Rfd8 22. Nxb7 Rxd1+ 23. Qxd1 Qxb7 24. Qa4 a5 25. b4 cxb4 26. cxb4 Rb8 27.
bxa5 Qxb5 28. Qxb5 Rxb5 29. a6 Rb8 30. a7 Ra8 31. Kf1 Kf6 32. Ke2 Ke5 33. Kd2
f5 34. Kc3 Kd5 35. Kb4 Kc6 36. Kc4 Kb7 37. Kd4 Rd8+ 38. Ke5 Ka8 39. Ra2 Rd7 40.
h4 Rb7 41. Kf6 Rc7 42. Kg5 Rb7 43. g3 Rc7 44. Kh6 Rb7 45. h5 Rb6 46. Kxh7 gxh5
47. Ra5 Rb2 48. Rxf5 Kxa7 49. Kg6 1-0

[Event "Open Semana Santa 2023"]
[Site "?"]
[Date "2023.04.05"]
[Round "1.52"]
[White "Valiente Uruena, Sergio"]
[Black "IM Martin Duque, Jesus"]
[Result "1/2-1/2"]
[WhiteElo "1790"]
[BlackElo "2386"]
[PlyCount "76"]
[EventDate "2023.??.??"]

1. d4 Nf6 2. c4 e6 3. g3 c5 4. d5 exd5 5. cxd5 d6 6. Nc3 g6 7. Bg2 Bg7 8. Nf3
O-O 9. O-O Re8 10. Bf4 h6 11. Qc1 g5 12. Bd2 Nbd7 13. h4 g4 14. Ne1 h5 15. Bh6
Ne5 16. Qg5 Ng6 17. Bxg7 Kxg7 18. Nd3 Bd7 19. Qd2 b5 20. b4 c4 21. Ne1 a5 22.
Nc2 Re5 23. Rfb1 Ne7 24. e4 Ng6 25. a4 axb4 26. Rxb4 bxa4 27. Na3 Rb8 28. Qb2
Re8 29. Rb1 Ra8 30. Nxc4 Qc7 31. Nb6 Ne5 32. Nxa8 Rxa8 33. Qd2 a3 34. Na2 Ra7
35. Qg5+ Ng6 36. Qd2 Ne5 37. Qg5+ Ng6 38. Qd2 Ne5 1/2-1/2

[Event "Open Semana Santa 2023"]
[Site "?"]
[Date "2023.04.05"]
[Round "1.53"]
[White "IM Ajay Krishna, S."]
[Black "Viudes Serra, Aaron"]
[Result "1-0"]
[WhiteElo "2382"]
[BlackElo "1787"]
[PlyCount "53"]

1. Nf3 b6 2. e4 Bb7 3. Nc3 e6 4. d4 Bb4 5. Bd3 d5 6. exd5 Bxd5 7. O-O Bb7 8.
Ne4 Be7 9. a4 Nd7 10. a5 Ngf6 11. Nxf6+ Nxf6 12. Bb5+ c6 13. a6 cxb5 14. axb7
Rb8 15. Rxa7 Qd5 16. Qe2 Bd6 17. Ne5 O-O 18. c3 Rfe8 19. Bg5 Ne4 20. Bh4 Bxe5
21. dxe5 Qc6 22. Rd1 Nc5 23. Rd6 Qc7 24. Qxb5 Nxb7 25. Rd7 Rbd8 26. Bxd8 Rxd8
27. Rxc7 1-0

[Event "Open Semana Santa 2023"]
[Site "?"]
[Date "2023.04.05"]
[Round "1.55"]
[White "FM Davtyan, David Arm."]
[Black "Cerdo Fernandez, Miguel"]
[Result "1-0"]
[WhiteElo "2374"]
[BlackElo "1783"]
[PlyCount "33"]

1. e4 c5 2. Nf3 Nc6 3. d4 cxd4 4. Nxd4 Nf6 5. Nc3 e6 6. Ndb5 Bb4 7. Bf4 Nxe4 8.
Qf3 Nxc3 9. bxc3 Qf6 10. Rd1 Ba5 11. Nd6+ Kf8 12. Ne4 Qg6 13. Bd6+ Kg8 14. g4
f5 15. gxf5 Qxf5 16. Qxf5 exf5 17. Bc4# 1-0

[Event "Open Semana Santa 2023"]
[Site "?"]
[Date "2023.04.05"]
[Round "1.56"]
[White "Garcia Almeida, Aitana Maria"]
[Black "GM Plaskett, H James"]
[Result "0-1"]
[WhiteElo "1783"]
[BlackElo "2371"]
[PlyCount "30"]

1. c4 b6 2. Nc3 Bb7 3. e4 e6 4. d4 Bb4 5. f3 f5 6. d5 fxe4 7. dxe6 Qe7 8. exd7+
Nxd7 9. f4 O-O-O 10. Qg4 Ngf6 11. Qh3 e3 12. Bd3 Ne4 13. Qxe3 Nxc3 14. Qxe7
Bxe7 15. bxc3 Bxg2 0-1

[Event "Open Semana Santa 2023"]
[Site "?"]
[Date "2023.04.05"]
[Round "1.57"]
[White "IM Vega Gutierrez, Sabrina"]
[Black "Najarro Garcia, Jose Maria"]
[Result "1-0"]
[WhiteElo "2370"]
[BlackElo "1778"]
[PlyCount "43"]

1. e4 e5 2. Nf3 Nc6 3. Bb5 Nf6 4. O-O Nxe4 5. d4 Nd6 6. dxe5 Nxb5 7. a4 Nbd4 8.
Nxd4 d5 9. Nxc6 bxc6 10. Qd3 a5 11. Re1 Be7 12. Qg3 Kf8 13. Nd2 h5 14. Nf3 h4
15. Qf4 Bc5 16. e6 f6 17. Nxh4 Rh5 18. Qg4 Rxh4 19. Qxh4 Kg8 20. Qh5 Ra6 21.
Qf7+ Kh8 22. Ra3 1-0

[Event "Open Semana Santa 2023"]
[Site "?"]
[Date "2023.04.05"]
[Round "1.58"]
[White "Srivatsan Karthikeyan"]
[Black "FM Carnicelli, Valerio"]
[Result "0-1"]
[WhiteElo "1777"]
[BlackElo "2370"]
[PlyCount "70"]
[EventDate "2023.??.??"]

1. e4 c5 2. Nf3 Nc6 3. d4 cxd4 4. Nxd4 e6 5. c4 Nf6 6. Nc3 Bb4 7. Nxc6 bxc6 8.
Bd3 e5 9. O-O O-O 10. Bg5 h6 11. Bh4 d6 12. Qa4 Bxc3 13. bxc3 g5 14. Bg3 c5 15.
Rab1 Qc7 16. Rb2 Bb7 17. Qc2 Bc6 18. h4 Rab8 19. f3 Nh5 20. Bh2 Rxb2 21. Qxb2
Rb8 22. Qd2 f6 23. g3 Kh7 24. hxg5 hxg5 25. f4 gxf4 26. gxf4 Qg7+ 27. Kh1 Qh6
28. Qg2 Rg8 29. Qf2 Ng3+ 30. Kg1 Nxf1+ 31. Kxf1 Qh3+ 32. Ke1 Rg2 33. Bf1 Qxc3+
34. Ke2 Qc2+ 35. Kf3 Qxf2# 0-1

[Event "Open Semana Santa 2023"]
[Site "?"]
[Date "2023.04.05"]
[Round "1.59"]
[White "IM Vassallo Barroche, Mauricio"]
[Black "Verbytski, Oleg"]
[Result "1-0"]
[WhiteElo "2361"]
[BlackElo "1774"]
[PlyCount "81"]
[EventDate "2023.??.??"]

1. c4 Nf6 2. Nf3 g6 3. g3 Bg7 4. Bg2 d6 5. d4 O-O 6. O-O c5 7. b3 Nc6 8. Bb2
Bd7 9. Nc3 Rb8 10. Rc1 Nxd4 11. Nxd4 cxd4 12. Qxd4 Ng4 13. Qxa7 Bc6 14. Bxc6
bxc6 15. Qa3 f5 16. Rcd1 f4 17. Na4 fxg3 18. hxg3 Bh6 19. Bc1 Qa5 20. c5 Bg7
21. f3 Ne5 22. cxd6 exd6 23. Qxd6 Qb5 24. Qd2 Bf6 25. Qc2 Rbe8 26. Nc5 Bd8 27.
Ne4 Bb6+ 28. Kg2 Bc7 29. Bb2 Rf7 30. a4 Qa6 31. Nc5 Qa7 32. e4 Ref8 33. Ne6
Nxf3 34. Nxf8 Qe3 35. e5 Ba5 36. Bc1 Nd2 37. Rxf7 Bb6 38. Qxd2 Qe4+ 39. Rf3 h5
40. Nd7 h4 41. Nf6+ 1-0

[Event "Open Semana Santa 2023"]
[Site "?"]
[Date "2023.04.05"]
[Round "1.60"]
[White "Soler Ollero, Guillermo"]
[Black "IM Chueca Forcen, Alberto"]
[Result "0-1"]
[WhiteElo "1770"]
[BlackElo "2359"]
[PlyCount "72"]

1. d4 e6 2. Bf4 Nf6 3. e3 c5 4. c3 Nc6 5. Nd2 d5 6. Ngf3 cxd4 7. exd4 Nh5 8.
Bg5 f6 9. Bh4 Bd6 10. Be2 Nf4 11. O-O O-O 12. Re1 Bd7 13. a4 Qc7 14. Bg3 Nxe2+
15. Qxe2 Bxg3 16. hxg3 Rac8 17. Nb3 b6 18. Qd3 a5 19. Nfd2 Nd8 20. f4 Nf7 21.
Nf3 Nd6 22. Nbd2 Rfe8 23. Qe2 b5 24. axb5 Bxb5 25. Qf2 a4 26. g4 Rb8 27. g5 Bd3
28. Ra2 a3 29. Rxa3 Rxb2 30. Qe3 Be4 31. g4 Bxf3 32. Nxf3 Nc4 33. Qc1 Nxa3 34.
Qxb2 Qxf4 35. Qg2 Nc2 36. Nh2 Nxe1 0-1

[Event "Open Semana Santa 2023"]
[Site "?"]
[Date "2023.04.05"]
[Round "1.61"]
[White "IM Suarez Uriel, Adrian"]
[Black "Garrido Silos, Pablo"]
[Result "1-0"]
[WhiteElo "2356"]
[BlackElo "1769"]
[PlyCount "73"]

1. e4 c5 2. Nf3 d6 3. d4 cxd4 4. Nxd4 Nf6 5. Nc3 a6 6. Be3 e5 7. Nb3 Be6 8. f3
Be7 9. Qd2 d5 10. exd5 Nxd5 11. Nxd5 Bxd5 12. O-O-O Bc6 13. Na5 Qxd2+ 14. Bxd2
O-O 15. Bc3 Bf6 16. Bc4 b6 17. Nxc6 Nxc6 18. Rd6 Rac8 19. Bxa6 Rc7 20. Bb5 Rfc8
21. Bxc6 Rxc6 22. Rhd1 h6 23. a4 Rc4 24. Rxb6 Rxa4 25. Kb1 Rca8 26. b3 R4a7 27.
Rd5 Bd8 28. Rbd6 Bc7 29. Rd7 f6 30. Re7 Bb6 31. Rxa7 Rxa7 32. Bb4 Bd4 33. c3
Rb7 34. Kc2 Bb6 35. Rb5 Rb8 36. Bd6 Rb7 37. Bc5 1-0

[Event "Open Semana Santa 2023"]
[Site "?"]
[Date "2023.04.05"]
[Round "1.63"]
[White "FM Martins, Bruno Andre Leite"]
[Black "Perea Fruet, Federico"]
[Result "1-0"]
[WhiteElo "2348"]
[BlackElo "1766"]
[PlyCount "61"]

1. e4 c6 2. Nf3 d5 3. Nc3 Nf6 4. e5 Ne4 5. Ne2 Qb6 6. d4 e6 7. Ng3 c5 8. c3 Nc6
9. Bd3 Nxg3 10. hxg3 cxd4 11. cxd4 Bd7 12. Kf1 Be7 13. a3 O-O-O 14. b4 f6 15.
Be3 fxe5 16. dxe5 d4 17. Bd2 Rdf8 18. b5 Rxf3 19. gxf3 Nxe5 20. Rc1+ Kd8 21.
Bf4 Bd6 22. a4 Nxd3 23. Qxd3 Bxf4 24. gxf4 Qd6 25. Rc4 Qxf4 26. Rxd4 Qf7 27.
Kg2 e5 28. Rd6 Re8 29. Rd1 Re7 30. Qxh7 e4 31. fxe4 1-0

[Event "Open Semana Santa 2023"]
[Site "?"]
[Date "2023.04.05"]
[Round "1.64"]
[White "Sanchez Peral, Pedro"]
[Black "FM Habans Aguerrea, Javier"]
[Result "1/2-1/2"]
[WhiteElo "1761"]
[BlackElo "2343"]
[PlyCount "75"]

1. e4 c5 2. Nf3 Nc6 3. d4 cxd4 4. Nxd4 Nf6 5. Nc3 d6 6. Bg5 e6 7. Qd2 Be7 8.
Be2 O-O 9. O-O a6 10. a4 Bd7 11. Kh1 Rc8 12. Rad1 Na5 13. f3 Qb6 14. Nb3 Nxb3
15. cxb3 Bc6 16. Bc4 Rfd8 17. Be3 Qb4 18. Qf2 d5 19. Na2 Qd6 20. Nc3 Qe5 21.
Bd4 Qh5 22. exd5 exd5 23. Bd3 Bd6 24. g4 Qh3 25. Bf5 Rb8 26. Bxf6 gxf6 27. Nxd5
Bxd5 28. Rxd5 Bf4 29. Rfd1 Rxd5 30. Rxd5 Re8 31. Be4 Kh8 32. Rh5 Be3 33. Qe2
Rc8 34. Qd1 Qxh5 35. gxh5 Rc1 36. Qxc1 Bxc1 37. Bxb7 a5 38. Kg2 1/2-1/2